| 000 | 00460nam a2200193Ia 4500 | ||
|---|---|---|---|
| 005 | 20240823024710.0 | ||
| 008 | 240823s9999||||xx |||||||||||||| ||und|| | ||
| 020 | _a81-7598-062-1 | ||
| 041 | _aENGLISH | ||
| 082 | _A604.2 P6 | ||
| 100 | _aParkinson A C | ||
| 245 | 2 | _aA Fist Year Engineering Drawing | |
| 250 | _a6th | ||
| 260 |
_c2006 _bSterling book |
||
| 500 | _aTRANSFERED | ||
| 650 |
_aEngineering Drawing _bAME |
||
| 942 | _cBK | ||
| 999 |
_c184541 _d184541 |
||